000 01345nam0a2200301 4500
001 RU\NLR\b_ik\129921
005 20250616225608.0
010 _a5-88170-120-8
_91000
035 _a(NLR Aleph) 002203297
090 _a3069729
_c3069729
100 _a20050608d2004 |||y0rusy50 ca
101 0 _afin
_drus
102 _aRU
105 _aac |||||||||
200 1 _aElettiinpä ennen Inkeris
_enäytteitä Inkerinsuomalaisista murteista
_fPetroskoin valtionyliopisto, Venäjän tiedeakat. Karjalan tiedekeskus, Kielen, kirjallisuuden ja historian inst.
_gtoim. Maria Mullonen
210 _aPetroskoi
_cPeriodika
_d2004
215 _a254, [1] с.
_cил., портр.
_d23
300 _aВ вып. дан.: Как раньше жили в Ингерманландии: (на ингерманландских говорах финского языка)
300 _aРез. на рус. яз.
320 _aБиблиогр.: с. 16
541 0 _aКак раньше жили в Ингермаландии
_eНа ингермаландских говорах финского языка
_zrus
606 1 _aИжорский язык
_xДиалектология
_91290592
_3RU\NLR\AUTH\66533425
686 4 _aШ166.17-5
702 1 _aMullonen
_bM.
_gMaria
_4340
801 0 _aRU
_bNLR
_c20050608
_gPSBO
942 _cBOOK
980 _aNB